| 000 | 01044nam a2200325 a 4500 | ||
|---|---|---|---|
| 001 | 58474 | ||
| 003 | CO-BoRNBP | ||
| 005 | 20250822215659.0 | ||
| 007 | ta | ||
| 008 | 970604s1993 ck a gr 000 jdspa | ||
| 020 | _a9580700702 | ||
| 020 | _a9580702411 | ||
| 040 |
_aCO-BoBN _bspa _cCO-BoBN |
||
| 041 | 1 |
_afre _hesp |
|
| 082 | 0 | 4 |
_aC843.52 _220 |
| 100 | 1 |
_aGauthier, Gilles, _d1943- |
|
| 245 | 1 | 0 |
_aMarcos, la pulga en la escuela / _cGilles Gauthier ; ilustraciones de Pierre-André Derome |
| 250 | _a1a. edición | ||
| 300 |
_a61 p. : _bil. ; _c18 cm |
||
| 336 |
_2rdacontent _atexto _btxt |
||
| 337 |
_2rdamedia _asin mediación _bn |
||
| 338 |
_2rdacarrier _avolumen _bnc |
||
| 490 | 0 |
_aColección primeros lectores ; _vno. 11 |
|
| 500 | _aIncluye: Datos biográficos del autor | ||
| 650 | 1 | 9 |
_aCuentos infantiles canadienses _2LEMB |
| 650 | 2 | 9 |
_aLiteratura infantil canadiense _2LEMB _937968 |
| 650 | 2 | 9 |
_aCuentos canadienses _ySiglo XX _2LEMB _963284 |
| 700 | 1 |
_aDerome, Pierre-André, _d1952- _eilustrador _962553 |
|
| 942 |
_2ddc _cBK |
||
| 999 |
_c58474 _d58474 |
||